Learn Microsoft Access 7.0 for Windows 95 in a Day (Record no. 19408)
[ view plain ]
| 000 -LEADER | |
|---|---|
| fixed length control field | 00374nam a22001457a 4500 |
| 003 - CONTROL NUMBER IDENTIFIER | |
| control field | OSt |
| 008 - FIXED-LENGTH DATA ELEMENTS--GENERAL INFORMATION | |
| fixed length control field | 250219b |||||||| |||| 00| 0 eng d |
| 041 ## - LANGUAGE CODE | |
| Language code of text/sound track or separate title | eng |
| 082 ## - DEWEY DECIMAL CLASSIFICATION NUMBER | |
| Classification number | 005.369 |
| Item number | STU/LE |
| 100 ## - MAIN ENTRY--AUTHOR NAME | |
| Personal name | Stulty, Russel A |
| 245 ## - TITLE STATEMENT | |
| Title | Learn Microsoft Access 7.0 for Windows 95 in a Day |
| 250 ## - EDITION STATEMENT | |
| Edition statement | 1st |
| 260 ## - PUBLICATION, DISTRIBUTION, ETC. (IMPRINT) | |
| Place of publication | New Delhi: |
| Name of publisher | BPB Publications, |
| Year of publication | 1996. |
| 942 ## - ADDED ENTRY ELEMENTS (KOHA) | |
| Koha item type | Books |
| Withdrawn status | Lost status | Damaged status | Home library | Current library | Date acquired | Cost, normal purchase price | Full call number | Accession Number | Koha item type | Public note |
|---|---|---|---|---|---|---|---|---|---|---|
| Withdrawn | KAUAET | KAUAET | 19/02/2025 | 45.00 | 005.369 STU/LE | 20136 | Books | Withdrawn as per order no A3-1008/2003 dated 25/04/2003 |
